[Event "Bern"]
[Site "Bern"]
[Date "1987.??.??"]
[Round "?"]
[White "Gast, Jonathan"]
[Black "Szabo, Laszlo"]
[Result "0-1"]
[WhiteElo "2325"]
[BlackElo "2450"]
[PlyCount "56"]
[EventDate "1987.02.??"]
[EventType "tourn"]
[EventRounds "11"]
[EventCountry "SUI"]
[EventCategory "7"]
[SourceTitle "EXT 1997"]
[Source "ChessBase"]
[SourceDate "1996.11.15"]
[SourceVersion "1"]
[SourceVersionDate "1996.11.15"]
[SourceQuality "1"]

1. e4 c5 2. Nf3 e6 3. d4 cxd4 4. Nxd4 a6 5. Bd3 Nf6 6. 0-0 Qc7 7. c4 Nc6 8. Nxc6 dxc6 9. Be3 e5 10. f3 Nd7 11. Nc3 Bc5 12. Bxc5 Nxc5 13. Rf2 Be6 14. Bf1 a5 15. Qd2 0-0 16. Qe3 b6 17. Rd2 f6 18. Rad1 Rad8 19. Kf2 Kf7 20. g3 Bc8 21. f4 Ne6 22. Rxd8 Rxd8 23. Rxd8 Qxd8 24. Na4 Nd4 25. c5 b5 26. Nb6 Be6 27. f5 Bxa2 28. Qa3 Bb1 0-1

[Event "Bern"]
[Site "Bern"]
[Date "1987.??.??"]
[Round "?"]
[White "Szabo, Laszlo"]
[Black "Cebalo, Miso"]
[Result "1-0"]
[WhiteElo "2450"]
[BlackElo "2480"]
[PlyCount "81"]
[EventDate "1987.02.??"]
[EventType "tourn"]
[EventRounds "11"]
[EventCountry "SUI"]
[EventCategory "7"]
[SourceTitle "EXT 1997"]
[Source "ChessBase"]
[SourceDate "1996.11.15"]
[SourceVersion "1"]
[SourceVersionDate "1996.11.15"]
[SourceQuality "1"]

1. e4 c5 2. Nf3 d6 3. d4 cxd4 4. Nxd4 Nf6 5. Nc3 e6 6. g4 h6 7. h4 Nc6 8. Rg1 h5 9. gxh5 Nxh5 10. Bg5 Nf6 11. Rg3 a6 12. Nxc6 bxc6 13. Qf3 e5 14. Bc4 Be6 15. Bxe6 fxe6 16. h5 Be7 17. h6 gxh6 18. Bh4 Rf8 19. 0-0-0 Rf7 20. Qd3 Nh5 21. Rg8+ Rf8 22. Bxe7 Qxe7 23. Rxf8+ Kxf8 24. Qxd6 Qxd6 25. Rxd6 Ke7 26. Rxc6 Nf4 27. Rc7+ Kf6 28. Kd2 h5 29. Ne2 Rh8 30. Nxf4 exf4 31. Ke2 h4 32. Rd7 Ke5 33. Kf3 h3 34. Rd1 a5 35. c4 a4 36. c5 h2 37. Rh1 Rb8 38. Rxh2 Rxb2 39. Rh5+ Kd4 40. c6 Rxa2 41. Rc5 1-0

[Event "Bern"]
[Site "Bern"]
[Date "1987.??.??"]
[Round "?"]
[White "Szabo, Laszlo"]
[Black "Costa, Jean Luc"]
[Result "1-0"]
[WhiteElo "2450"]
[BlackElo "2320"]
[PlyCount "67"]
[EventDate "1987.02.??"]
[EventType "tourn"]
[EventRounds "11"]
[EventCountry "SUI"]
[EventCategory "7"]
[SourceTitle "EXT 1997"]
[Source "ChessBase"]
[SourceDate "1996.11.15"]
[SourceVersion "1"]
[SourceVersionDate "1996.11.15"]
[SourceQuality "1"]

1. d4 Nf6 2. Nf3 g6 3. c4 Bg7 4. Nc3 d5 5. Qb3 dxc4 6. Qxc4 0-0 7. e4 Na6 8. Be2 c5 9. d5 e6 10. 0-0 exd5 11. exd5 Re8 12. Be3 Bf5 13. Qb3 Nb4 14. Bxc5 Nc2 15. Rac1 Nd7 16. Bd6 Bxc3 17. Bd1 Bd3 18. bxc3 Bxf1 19. Kxf1 Qf6 20. Bg3 Qa6+ 21. c4 Na3 22. Rc3 Nxc4 23. Qxc4 b5 24. Qd3 Qxa2 25. Qxb5 Qa1 26. Rd3 Nf6 27. Bc7 a5 28. d6 a4 29. d7 Nxd7 30. Rxd7 a3 31. Qd5 Rf8 32. Be5 Qc1 33. h4 a2 34. Rxf7 1-0

[Event "Bern"]
[Site "Bern"]
[Date "1987.??.??"]
[Round "?"]
[White "Szabo, Laszlo"]
[Black "Unzicker, Wolfgang"]
[Result "1/2-1/2"]
[WhiteElo "2450"]
[BlackElo "2470"]
[PlyCount "80"]
[EventDate "1987.02.??"]
[EventType "tourn"]
[EventRounds "11"]
[EventCountry "SUI"]
[EventCategory "7"]
[SourceTitle "EXT 1997"]
[Source "ChessBase"]
[SourceDate "1996.11.15"]
[SourceVersion "1"]
[SourceVersionDate "1996.11.15"]
[SourceQuality "1"]

1. e4 e5 2. Nf3 Nc6 3. Bb5 a6 4. Ba4 Nf6 5. 0-0 Be7 6. Re1 b5 7. Bb3 d6 8. a4 b4 9. a5 0-0 10. d3 Be6 11. Nbd2 Bxb3 12. Nxb3 Re8 13. d4 exd4 14. Nfxd4 Nxd4 15. Nxd4 Bf8 16. Nc6 Qd7 17. Nxb4 Qb5 18. c3 Nxe4 19. Be3 Nf6 20. Qd3 Reb8 21. Ra2 c5 22. Qxb5 Rxb5 23. Nd3 d5 24. Bg5 Ne4 25. Bc1 c4 26. Nf4 Bc5 27. Be3 Bxe3 28. Rxe3 Rab8 29. g4 Nd2 30. Re7 g5 31. Nh5 Kf8 32. Ra7 Rxb2 33. Rxb2 Rxb2 34. Rxa6 d4 35. Nf6 dxc3 36. Ra8+ Ke7 37. Nd5+ Kd6 38. Nxc3 Nb1 39. Nxb1 Rxb1+ 40. Kg2 Ra1 1/2-1/2

[Event "Bad Woerishofen op 01st"]
[Site "Bad Woerishofen"]
[Date "1985.??.??"]
[Round "?"]
[White "Szabo, Laszlo"]
[Black "Doncevic, Dario"]
[Result "1-0"]
[WhiteElo "2510"]
[BlackElo "2340"]
[PlyCount "81"]
[EventDate "1985.??.??"]
[EventType "swiss"]
[EventRounds "9"]
[EventCountry "GER"]
[SourceTitle "EXT 2004"]
[Source "ChessBase"]
[SourceDate "2003.11.25"]
[SourceVersion "1"]
[SourceVersionDate "2003.11.25"]
[SourceQuality "1"]

1. d4 Nf6 2. c4 g6 3. Nc3 d5 4. Nf3 Bg7 5. cxd5 Nxd5 6. e4 Nxc3 7. bxc3 c5 8. Rb1 0-0 9. Be2 Nc6 10. d5 Bxc3+ 11. Bd2 Bxd2+ 12. Qxd2 Na5 13. h4 Bg4 14. h5 Bxf3 15. gxf3 e5 16. f4 exf4 17. Qxf4 Qe7 18. hxg6 fxg6 19. Qh2 Qg7 20. e5 Rf5 21. f4 Raf8 22. 0-0 g5 23. Bd3 Rxf4 24. Rxf4 Rxf4 25. Qe2 Qd7 26. Be4 Qa4 27. Re1 Qd4+ 28. Kg2 Kf8 29. e6 Ke7 30. d6+ Qxd6 31. Qh5 h6 32. Bf3 Rf6 33. Rd1 Qxe6 34. Qh2 Rf4 35. Qg1 Qxa2+ 36. Kg3 Qa3 37. Qe1+ Kf8 38. Rd8+ Kg7 39. Qe5+ Rf6 40. Rd7+ Kg6 41. Qe8+ 1-0

[Event "OHRA-B"]
[Site "Amsterdam"]
[Date "1984.07.25"]
[Round "8"]
[White "Szabo, Laszlo"]
[Black "Martinovic, Slobodan"]
[Result "0-1"]
[WhiteElo "2510"]
[BlackElo "2460"]
[PlyCount "50"]
[EventDate "1984.07.17"]
[EventType "swiss"]
[EventRounds "9"]
[EventCountry "NED"]
[SourceTitle "MCL"]
[Source "ChessBase"]
[SourceDate "1999.07.01"]
[SourceVersion "1"]
[SourceVersionDate "1999.07.01"]
[SourceQuality "1"]

1. d4 Nf6 2. c4 c5 3. d5 g6 4. Nc3 Bg7 5. e4 d6 6. Nge2 b5 7. cxb5 a6 8. Ng3 0-0 9. bxa6 Bxa6 10. Be2 Qb6 11. 0-0 Nbd7 12. Bxa6 Qxa6 13. Qc2 Rfb8 14. b3 c4 15. bxc4 Qxc4 16. Bd2 Ng4 17. Nge2 Rc8 18. Qd1 Nc5 19. Rb1 Ne5 20. f3 Ned3 21. h3 Ra3 22. Nb5 Rxa2 23. Bc3 Na4 24. Bxg7 Kxg7 25. Ned4 Nc3 0-1

[Event "OHRA-B"]
[Site "Amsterdam"]
[Date "1984.07.23"]
[Round "6"]
[White "Szabo, Laszlo"]
[Black "Sunye Neto, Jaime"]
[Result "1/2-1/2"]
[WhiteElo "2510"]
[BlackElo "2470"]
[PlyCount "69"]
[EventDate "1984.07.17"]
[EventType "swiss"]
[EventRounds "9"]
[EventCountry "NED"]
[SourceTitle "MCL"]
[Source "ChessBase"]
[SourceDate "1999.07.01"]
[SourceVersion "1"]
[SourceVersionDate "1999.07.01"]
[SourceQuality "1"]

1. Nf3 Nf6 2. g3 d5 3. Bg2 c6 4. b3 Bf5 5. Bb2 e6 6. 0-0 Be7 7. d3 h6 8. Nbd2 0-0 9. c4 a5 10. a3 Bh7 11. Qc2 Nbd7 12. Bc3 c5 13. e4 d4 14. Bb2 e5 15. Bh3 Qc7 16. Nh4 g6 17. Bc1 Rfe8 18. Nb1 Bf8 19. a4 Bg7 20. Qd1 Nb8 21. Na3 Qe7 22. Nb5 Nc6 23. f4 Rad8 24. Ra2 exf4 25. Rxf4 Rf8 26. Rf1 Ne8 27. Raf2 Nc7 28. Bd2 Ne6 29. Nf3 Ng5 30. Bg2 Nxf3+ 31. Bxf3 b6 32. Bf4 Ne5 33. Qd2 Rd7 34. g4 f6 35. Be2 1/2-1/2

[Event "Hungary "]
[Site "Hungary "]
[Date "1983.??.??"]
[Round "?"]
[White "Hazai, Laszlo"]
[Black "Szabo, Laszlo"]
[Result "1-0"]
[WhiteElo "2465"]
[BlackElo "2510"]
[PlyCount "57"]
[EventDate "1983.??.??"]
[EventType "game"]
[EventRounds "1"]
[EventCountry "HUN"]
[SourceTitle "EXT 2010"]
[Source "ChessBase"]
[SourceDate "2010.11.25"]
[SourceVersion "1"]
[SourceVersionDate "2010.11.25"]
[SourceQuality "1"]

1. e4 c5 2. Nf3 d6 3. d4 cxd4 4. Nxd4 Nf6 5. Nc3 Nc6 6. Bg5 e6 7. Qd2 a6 8. 0-0-0 h6 9. Be3 Bd7 10. f4 b5 11. Bd3 Rc8 12. Kb1 Na5 13. e5 b4 14. Nce2 dxe5 15. fxe5 Nd5 16. Rhf1 Nc4 17. Bxc4 Rxc4 18. Nf4 Nxe3 19. Qxe3 Bc5 20. Ng6 Rxd4 21. Rxd4 fxg6 22. Qe4 Qe7 23. Rxd7 Qxd7 24. Qa8+ Qd8 25. Qc6+ Qd7 26. Qxc5 Qb7 27. Qd6 Qc8 28. Qxb4 g5 29. a3 1-0

[Event "Christmas Congress 1981/82-57 Premier"]
[Site "Hastings"]
[Date "1982.01.04"]
[Round "7"]
[White "Szabo, Laszlo"]
[Black "Taulbut, Shaun M"]
[Result "0-1"]
[WhiteElo "2510"]
[BlackElo "2435"]
[PlyCount "72"]
[EventDate "1981.12.28"]
[EventType "tourn"]
[EventRounds "13"]
[EventCountry "ENG"]
[EventCategory "11"]
[SourceTitle "MCD"]
[Source "ChessBase"]
[SourceDate "1999.07.01"]
[SourceVersion "1"]
[SourceVersionDate "1999.07.01"]
[SourceQuality "1"]

1. c4 Nf6 2. Nf3 c6 3. g3 d5 4. b3 Bg4 5. Bg2 Nbd7 6. Bb2 e6 7. 0-0 Be7 8. d3 0-0 9. Nbd2 h6 10. Qc2 a5 11. a3 Re8 12. Bc3 Bd6 13. b4 e5 14. c5 Bf8 15. Nb3 axb4 16. axb4 Rxa1 17. Rxa1 b6 18. d4 e4 19. Ne1 Nh7 20. f3 exf3 21. exf3 Bh5 22. Qf2 Ng5 23. Ra7 Nf6 24. h4 Ne6 25. Nd3 Qb8 26. Ra1 Nd7 27. Re1 Bg6 28. Ne5 Nxe5 29. Rxe5 bxc5 30. dxc5 d4 31. Rxe6 dxc3 32. Rxe8 Qxe8 33. Nd4 Qb8 34. Nxc6 Qb5 35. Qe1 c2 36. Nd4 Bxc5 0-1

[Event "Christmas Congress 1981/82-57 Premier"]
[Site "Hastings"]
[Date "1982.01.02"]
[Round "5"]
[White "Lein, Anatoly"]
[Black "Szabo, Laszlo"]
[Result "1/2-1/2"]
[WhiteElo "2485"]
[BlackElo "2510"]
[PlyCount "114"]
[EventDate "1981.12.28"]
[EventType "tourn"]
[EventRounds "13"]
[EventCountry "ENG"]
[EventCategory "11"]
[SourceTitle "MCD"]
[Source "ChessBase"]
[SourceDate "1999.07.01"]
[SourceVersion "1"]
[SourceVersionDate "1999.07.01"]
[SourceQuality "1"]

1. d4 Nf6 2. c4 e6 3. Nf3 b6 4. e3 Bb7 5. Bd3 d5 6. cxd5 exd5 7. 0-0 Bd6 8. b3 Qe7 9. Nc3 a6 10. Bb2 Nbd7 11. Rc1 0-0 12. Rc2 Ne4 13. Re1 f5 14. g3 g5 15. Bf1 Rac8 16. Bg2 c6 17. Qc1 g4 18. Nh4 Rf6 19. Bxe4 fxe4 20. Ne2 Nf8 21. Nf4 Ne6 22. Nxe6 Qxe6 23. Ba3 Bb8 24. Qd1 Kf7 25. Kh1 Rg8 26. Rg1 Rh6 27. Rg2 Bc7 28. Kg1 Bd8 29. Kf1 a5 30. Ke1 Ba6 31. Kd2 Bd3 32. Rc3 b5 33. Bc5 b4 34. Rc1 Bxh4 35. gxh4 Rxh4 36. Ra1 Qf6 37. Qg1 Ra8 38. Rg3 a4 39. bxa4 Rxa4 40. Kc1 Qf5 41. Kb2 Qc8 42. h3 Be2 43. Qh2 Rh6 44. Rg2 Bf3 45. Rgg1 Kg8 46. Qe5 Ra8 47. Bxb4 Qa6 48. Rgc1 gxh3 49. Qg3+ Rg6 50. Qxh3 Bg4 51. Qh2 Rg7 52. a3 Rf7 53. Rc2 c5 54. Qh4 cxb4 55. Qxg4+ Rg7 56. Qf5 bxa3+ 57. Ka2 Rd8 1/2-1/2

[Event "Hungary "]
[Site "Hungary "]
[Date "1982.??.??"]
[Round "?"]
[White "Szabo, Laszlo"]
[Black "Sax, Gyula"]
[Result "1-0"]
[WhiteElo "2510"]
[BlackElo "2550"]
[PlyCount "75"]
[EventDate "1982.??.??"]
[EventType "game"]
[EventRounds "1"]
[EventCountry "HUN"]
[SourceTitle "EXT 2010"]
[Source "ChessBase"]
[SourceDate "2010.11.25"]
[SourceVersion "1"]
[SourceVersionDate "2010.11.25"]
[SourceQuality "1"]

1. e4 c5 2. b3 Nc6 3. Bb2 d6 4. f4 e6 5. Nf3 Nf6 6. Nc3 Be7 7. Bd3 d5 8. Ne5 0-0 9. Nxc6 bxc6 10. e5 Nd7 11. Qf3 Rb8 12. Nd1 f5 13. exf6 Bxf6 14. Qh3 g6 15. 0-0 c4 16. Be2 Nc5 17. Bxf6 Qxf6 18. Ne3 e5 19. Bg4 exf4 20. Bxc8 Rbxc8 21. bxc4 Qd4 22. c3 Qxd2 23. Ng4 Qd3 24. Nf6+ Kg7 25. Qxh7+ Kxf6 26. Rxf4+ Ke6 27. Re1+ Ne4 28. Qxg6+ Ke5 29. Qg5+ Kd6 30. Qh6+ Kc5 31. Rxf8 Qxc3 32. Ref1 Qd4+ 33. Kh1 dxc4 34. Qf4 Rxf8 35. Qxf8+ Qd6 36. Qf7 c3 37. Qxa7+ Kc4 38. Qa4+ 1-0

[Event "Christmas Congress 1981/82-57 Premier"]
[Site "Hastings"]
[Date "1981.12.30"]
[Round "3"]
[White "Kupreichik, Viktor D"]
[Black "Szabo, Laszlo"]
[Result "1-0"]
[WhiteElo "2575"]
[BlackElo "2510"]
[PlyCount "33"]
[EventDate "1981.12.28"]
[EventType "tourn"]
[EventRounds "13"]
[EventCountry "ENG"]
[EventCategory "11"]
[SourceTitle "MCD"]
[Source "ChessBase"]
[SourceDate "1999.07.01"]
[SourceVersion "1"]
[SourceVersionDate "1999.07.01"]
[SourceQuality "1"]

1. e4 e5 2. Nf3 Nc6 3. Bb5 a6 4. Ba4 Nf6 5. 0-0 Be7 6. Re1 b5 7. Bb3 d6 8. a4 Bb7 9. c3 Na5 10. Bc2 c5 11. d4 cxd4 12. cxd4 Nc6 13. d5 Nb4 14. Bb3 0-0 15. a5 Qc8 16. Bg5 Qc5 17. Be3 1-0

[Event "Medina del Campo"]
[Site "Medina del Campo"]
[Date "1980.10.27"]
[Round "1"]
[White "Szabo, Laszlo"]
[Black "Kupreichik, Viktor D"]
[Result "1/2-1/2"]
[WhiteElo "2505"]
[BlackElo "2535"]
[PlyCount "74"]
[EventDate "1980.??.??"]
[EventType "tourn"]
[EventRounds "9"]
[EventCountry "ESP"]
[EventCategory "9"]
[SourceTitle "EXT 2002"]
[Source "ChessBase"]
[SourceDate "2001.11.25"]
[SourceVersion "1"]
[SourceVersionDate "2001.11.25"]
[SourceQuality "1"]

1. d4 Nf6 2. c4 e6 3. Nc3 Bb4 4. e3 b6 5. Nge2 Ba6 6. a3 Be7 7. Ng3 d5 8. cxd5 Bxf1 9. Kxf1 Nxd5 10. Qf3 Nc6 11. Nxd5 Qxd5 12. Qxd5 exd5 13. Bd2 g6 14. Rc1 Kd7 15. Ne2 Bd6 16. Nc3 Ne7 17. Nb5 Nf5 18. Rc2 c6 19. Nxd6 Nxd6 20. Ke2 Rac8 21. Rhc1 Rhe8 22. a4 h5 23. Bb4 Nf5 24. Kd3 Re4 25. Ba3 Re6 26. Re2 Rce8 27. Rce1 Nh4 28. f3 f5 29. f4 g5 30. fxg5 f4 31. exf4 Nxg2 32. Rxg2 Rxe1 33. f5 R1e3+ 34. Kd2 R3e4 35. Kd3 Re3+ 36. Kd2 R3e4 37. Kd3 Rf4 1/2-1/2

[Event "Hungary "]
[Site "Hungary "]
[Date "1980.??.??"]
[Round "?"]
[White "Farago, Ivan"]
[Black "Szabo, Laszlo"]
[Result "1-0"]
[WhiteElo "2505"]
[BlackElo "2505"]
[PlyCount "71"]
[EventDate "1980.??.??"]
[EventType "game"]
[EventRounds "1"]
[EventCountry "HUN"]
[SourceTitle "EXT 2010"]
[Source "ChessBase"]
[SourceDate "2010.11.25"]
[SourceVersion "1"]
[SourceVersionDate "2010.11.25"]
[SourceQuality "1"]

1. d4 Nf6 2. c4 e6 3. Nf3 b6 4. Nc3 Bb7 5. a3 d5 6. cxd5 Nxd5 7. e3 Nd7 8. Bd3 Nxc3 9. bxc3 Bd6 10. 0-0 e5 11. e4 0-0 12. Bg5 Be7 13. Be3 Bf6 14. Qc2 Qe7 15. a4 Rfe8 16. Nd2 Bg5 17. f4 exf4 18. Bxf4 c5 19. Qb3 Rf8 20. Bc4 cxd4 21. cxd4 Kh8 22. e5 Rad8 23. Bxg5 Qxg5 24. Nf3 Qf4 25. Rad1 Qg4 26. Bxf7 Rxf7 27. Qxf7 Rf8 28. Qb3 h6 29. Qe3 Bd5 30. Rd2 Re8 31. Rdf2 Nf8 32. Ng5 Kg8 33. Nf7 Ne6 34. Qxh6 gxh6 35. Nxh6+ Kh7 36. Nxg4 1-0

[Event "Rome"]
[Site "Rome"]
[Date "1980.??.??"]
[Round "3"]
[White "Makropoulos, Georgios"]
[Black "Szabo, Laszlo"]
[Result "0-1"]
[WhiteElo "2445"]
[BlackElo "2505"]
[PlyCount "102"]
[EventDate "1980.02.??"]
[EventType "tourn"]
[EventRounds "9"]
[EventCountry "ITA"]
[EventCategory "9"]
[SourceTitle "MCD"]
[Source "ChessBase"]
[SourceDate "1999.07.01"]
[SourceVersion "1"]
[SourceVersionDate "1999.07.01"]
[SourceQuality "1"]

1. e4 e6 2. d4 d5 3. e5 c5 4. c3 Ne7 5. Na3 cxd4 6. cxd4 Nbc6 7. Nc2 Nf5 8. Nf3 Nh4 9. Nxh4 Qxh4 10. Bd3 Bb4+ 11. Nxb4 Nxb4 12. Bb1 Bd7 13. 0-0 Bb5 14. Re1 Nc6 15. a4 Ba6 16. f4 g6 17. b3 Rc8 18. g3 Qh5 19. Qd2 Ne7 20. b4 Bc4 21. Bc2 0-0 22. Qf2 Rc7 23. Bd1 Qh3 24. Bd2 Rfc8 25. Ra3 h5 26. Rc3 Ba2 27. Ra3 Bb1 28. Be2 Qf5 29. Bd1 Bc2 30. Be2 Be4 31. Bd1 a6 32. Qf1 Bc2 33. Bf3 Be4 34. Bd1 Rc2 35. Bxc2 Rxc2 36. Qf2 Nc6 37. b5 Nb4 38. bxa6 bxa6 39. Qe2 Nc6 40. Qe3 Qh3 41. Re2 Rc4 42. Bc3 Ne7 43. Qf2 Nf5 44. Rxe4 dxe4 45. Qf1 Qxf1+ 46. Kxf1 Ne3+ 47. Ke2 Nd5 48. Kd2 e3+ 49. Kd3 Nxc3 50. Rxc3 e2 51. Rxc4 e1Q 0-1

[Event "Rome"]
[Site "Rome"]
[Date "1980.??.??"]
[Round "1"]
[White "Parma, Bruno"]
[Black "Szabo, Laszlo"]
[Result "1/2-1/2"]
[WhiteElo "2520"]
[BlackElo "2505"]
[PlyCount "59"]
[EventDate "1980.02.??"]
[EventType "tourn"]
[EventRounds "9"]
[EventCountry "ITA"]
[EventCategory "9"]
[SourceTitle "MCD"]
[Source "ChessBase"]
[SourceDate "1999.07.01"]
[SourceVersion "1"]
[SourceVersionDate "1999.07.01"]
[SourceQuality "1"]

1. e4 e5 2. Nf3 Nc6 3. Bb5 a6 4. Ba4 Nf6 5. d4 exd4 6. 0-0 Be7 7. Re1 b5 8. e5 Nxe5 9. Rxe5 d6 10. Re1 bxa4 11. Nxd4 Bd7 12. Qf3 0-0 13. Nc6 Bxc6 14. Qxc6 a3 15. Nxa3 Nd7 16. Nc4 Bf6 17. Bd2 Ne5 18. Nxe5 Bxe5 19. Bc3 Bxc3 20. Qxc3 Qd7 21. Re3 Rfe8 22. Rae1 c5 23. h3 h6 24. Qc4 Rxe3 25. Rxe3 Qc6 26. Re7 d5 27. Qf4 Qg6 28. Qf3 Rf8 29. Re2 Rd8 30. b3 1/2-1/2

[Event "Rome"]
[Site "Rome"]
[Date "1980.??.??"]
[Round "9"]
[White "Szabo, Laszlo"]
[Black "Castro Rojas, Oscar Humberto"]
[Result "0-1"]
[WhiteElo "2505"]
[BlackElo "2420"]
[PlyCount "82"]
[EventDate "1980.02.??"]
[EventType "tourn"]
[EventRounds "9"]
[EventCountry "ITA"]
[EventCategory "9"]
[SourceTitle "MCD"]
[Source "ChessBase"]
[SourceDate "1999.07.01"]
[SourceVersion "1"]
[SourceVersionDate "1999.07.01"]
[SourceQuality "1"]

1. d4 Nf6 2. c4 g6 3. Nc3 d5 4. Nf3 Bg7 5. Bf4 0-0 6. Rc1 c5 7. dxc5 Be6 8. Nd4 Nc6 9. Nxe6 fxe6 10. e3 Qa5 11. Qa4 Qxc5 12. Qb5 Qxb5 13. cxb5 Nb8 14. Be2 Nbd7 15. 0-0 e5 16. Bg3 Rac8 17. Na4 e6 18. Bf3 Rfe8 19. b4 Bf8 20. a3 Be7 21. Rfd1 Kf7 22. e4 dxe4 23. Be2 Nd5 24. h4 h5 25. Bc4 Bd6 26. Bb3 Ke7 27. Re1 Rf8 28. Rc2 e3 29. fxe3 e4 30. Bxd6+ Kxd6 31. Rd2 Rf5 32. Rd4 Ke5 33. Red1 Nxe3 34. Rxd7 Nxd1 35. Rxd1 b6 36. Nb2 Rc3 37. Nc4+ Kf6 38. Ba2 e3 39. Nd6 Rf4 40. Re1 Rxa3 41. Re2 Rd4 0-1

[Event "Rome"]
[Site "Rome"]
[Date "1980.??.??"]
[Round "5"]
[White "Szabo, Laszlo"]
[Black "Robatsch, Karl"]
[Result "1-0"]
[WhiteElo "2505"]
[BlackElo "2440"]
[PlyCount "54"]
[EventDate "1980.02.??"]
[EventType "tourn"]
[EventRounds "9"]
[EventCountry "ITA"]
[EventCategory "9"]
[SourceTitle "MCD"]
[Source "ChessBase"]
[SourceDate "1999.07.01"]
[SourceVersion "1"]
[SourceVersionDate "1999.07.01"]
[SourceQuality "1"]

1. c4 Nf6 2. Nc3 e6 3. e4 d5 4. e5 d4 5. exf6 dxc3 6. bxc3 Qxf6 7. d4 b6 8. Nf3 Bb7 9. Ne5 Bd6 10. Qa4+ c6 11. f4 Bxe5 12. dxe5 Qg6 13. Ba3 Qe4+ 14. Be2 Nd7 15. Rd1 Nc5 16. Bxc5 bxc5 17. Rf1 0-0 18. Rf3 Rfd8 19. Kf2 g5 20. Bd3 Rxd3 21. Rfxd3 gxf4 22. Rh3 Kh8 23. Re1 Qg6 24. Rf3 Rd8 25. Kg1 Rd2 26. Rf2 Qd3 27. Qxa7 Qxc3 1-0

[Event "Rome"]
[Site "Rome"]
[Date "1980.??.??"]
[Round "7"]
[White "Szabo, Laszlo"]
[Black "Tatai, Stefano"]
[Result "1/2-1/2"]
[WhiteElo "2505"]
[BlackElo "2480"]
[PlyCount "65"]
[EventDate "1980.02.??"]
[EventType "tourn"]
[EventRounds "9"]
[EventCountry "ITA"]
[EventCategory "9"]
[SourceTitle "MCD"]
[Source "ChessBase"]
[SourceDate "1999.07.01"]
[SourceVersion "1"]
[SourceVersionDate "1999.07.01"]
[SourceQuality "1"]

1. d4 Nf6 2. Nf3 b6 3. c4 e6 4. e3 Bb7 5. Bd3 Bb4+ 6. Nbd2 Ne4 7. 0-0 f5 8. a3 Bxd2 9. Nxd2 0-0 10. f3 Nd6 11. b4 Qg5 12. Qe2 Nc6 13. f4 Qg4 14. Qxg4 fxg4 15. Bb2 Nf5 16. d5 Nd8 17. e4 Nh6 18. f5 Re8 19. f6 g6 20. Rac1 d6 21. c5 bxc5 22. bxc5 exd5 23. cxd6 cxd6 24. Rc7 Nhf7 25. Re7 Kf8 26. Rxe8+ Kxe8 27. Re1 Kf8 28. Bc3 Rc8 29. Bb2 Ne6 30. exd5 Bxd5 31. Be4 Bxe4 32. Nxe4 Nf4 33. Nxd6 1/2-1/2

[Event "Boris Kostic Memorial-06"]
[Site "Vrsac"]
[Date "1979.09.14"]
[Round "7"]
[White "Szabo, Laszlo"]
[Black "Sahovic, Dragutin"]
[Result "0-1"]
[WhiteElo "2515"]
[BlackElo "2520"]
[PlyCount "78"]
[EventDate "1979.09.07"]
[EventType "tourn"]
[EventRounds "15"]
[EventCountry "YUG"]
[EventCategory "9"]
[SourceTitle "EXT 2002"]
[Source "ChessBase"]
[SourceDate "2001.11.25"]
[SourceVersion "1"]
[SourceVersionDate "2001.11.25"]
[SourceQuality "1"]

1. c4 g6 2. d4 Bg7 3. Nc3 d6 4. e4 Nf6 5. f3 0-0 6. Be3 b6 7. Bd3 Bb7 8. Nge2 c5 9. d5 e6 10. 0-0 exd5 11. cxd5 Nbd7 12. Ng3 Re8 13. Be2 h5 14. Bg5 a6 15. a4 Qc7 16. Qc1 c4 17. Bh6 Bh8 18. h4 Ne5 19. Be3 Qd8 20. Nh1 Nfd7 21. Nf2 Nc5 22. Bxc5 bxc5 23. g3 Bc8 24. Kg2 Rb8 25. f4 Ng4 26. Nxg4 Bxg4 27. Bxc4 Qa5 28. Ra2 Qb4 29. Bd3 c4 30. Bb1 f5 31. Re1 Qc5 32. Qd2 Qd4 33. Qxd4 Bxd4 34. Kf1 Bh3+ 35. Ke2 fxe4 36. Nxe4 Bxb2 37. Kd2 Bf5 38. Bc2 Bd4 39. Nxd6 c3+ 0-1

[Event "Boris Kostic Memorial-06"]
[Site "Vrsac"]
[Date "1979.09.10"]
[Round "4"]
[White "Rajkovic, Dusan"]
[Black "Szabo, Laszlo"]
[Result "1-0"]
[WhiteElo "2490"]
[BlackElo "2515"]
[PlyCount "85"]
[EventDate "1979.09.07"]
[EventType "tourn"]
[EventRounds "15"]
[EventCountry "YUG"]
[EventCategory "9"]
[SourceTitle "EXT 2002"]
[Source "ChessBase"]
[SourceDate "2001.11.25"]
[SourceVersion "1"]
[SourceVersionDate "2001.11.25"]
[SourceQuality "1"]

1. c4 Nf6 2. Nc3 c5 3. g3 e6 4. Bg2 d5 5. Qb3 dxc4 6. Qxc4 Be7 7. Nf3 Nc6 8. 0-0 0-0 9. Rd1 e5 10. Ng5 Na5 11. Qa4 Bd7 12. Qc2 h6 13. Nf3 Nc6 14. d3 Rc8 15. e3 Bf5 16. Qe2 Qd7 17. Ne1 Rfd8 18. b3 Bg4 19. Bf3 Bxf3 20. Nxf3 Nd5 21. Bb2 Nxc3 22. Bxc3 Qf5 23. Rac1 Bf6 24. Kg2 Rd6 25. a3 Rcd8 26. b4 cxb4 27. e4 Qd7 28. axb4 a6 29. Ne1 Nd4 30. Qb2 Bg5 31. Ra1 Be7 32. Rab1 Rb6 33. Qa1 f6 34. Bxd4 Qxd4 35. Qa2+ Kh7 36. Nc2 Qc3 37. Ne3 Bxb4 38. Nd5 Qd4 39. Nxb6 Qxb6 40. Qf7 Rc8 41. Rdc1 Rxc1 42. Rxc1 Bc5 43. h4 1-0

[Event "Belgrade"]
[Site "Belgrade"]
[Date "1979.01.??"]
[Round "?"]
[White "Szabo, Laszlo"]
[Black "Rajkovic, Dusan"]
[Result "1-0"]
[WhiteElo "2515"]
[BlackElo "2490"]
[PlyCount "67"]
[EventDate "1979.01.??"]
[EventType "tourn"]
[EventRounds "13"]
[EventCountry "YUG"]
[SourceTitle "EXT 2002"]
[Source "ChessBase"]
[SourceDate "2001.11.25"]
[SourceVersion "1"]
[SourceVersionDate "2001.11.25"]
[SourceQuality "1"]

1. c4 c5 2. Nc3 b6 3. e3 Nf6 4. d4 e6 5. d5 exd5 6. cxd5 d6 7. e4 Be7 8. f4 0-0 9. Nf3 Re8 10. Bd3 c4 11. Bc2 b5 12. a3 Qb6 13. Qe2 Nbd7 14. Be3 Nc5 15. 0-0 Ng4 16. Bd4 Bf6 17. e5 Bb7 18. Kh1 g6 19. Nd2 Nxe5 20. fxe5 Bxe5 21. Qf2 f5 22. Nf3 Bxd4 23. Nxd4 Re5 24. Nf3 Re7 25. Rae1 Rae8 26. Rxe7 Rxe7 27. Qh4 Qd8 28. Nd4 a6 29. Nc6 Bxc6 30. dxc6 Re8 31. Qxd8 Rxd8 32. Nd5 Kf7 33. g4 Ke6 34. Nb6 1-0